| 000 | 00372nam a2200145Ia 4500 | ||
|---|---|---|---|
| 005 | 20251222143308.0 | ||
| 008 | 251222s9999||||xx |||||||||||||| ||spa|| | ||
| 020 | _a978-84-368-2065-2 | ||
| 082 | _a025.1/C92 | ||
| 100 | _aCruz Mundet, José Ramón | ||
| 245 | 0 | _aLa Gestión de Documentos en las Organizaciones | |
| 250 | _a2da. | ||
| 264 | _bGrupo Anaya | ||
| 942 | _cLIB | ||
| 999 |
_c15583 _d15583 |
||